| Tag |
First Indicator |
Second Indicator |
Subfields |
| LEADER |
00000cam a2200000 4500 |
| 001 |
in00000054572 |
| 005 |
20151008052048.0 |
| 008 |
720114s1963 cau b 00000 eng u |
| 010 |
|
|
|a 63014129
|
| 035 |
|
|
|a (OCoLC)00220706
|
| 035 |
|
|
|9 AAH1476AM
|
| 040 |
|
|
|c WSU
|d TXA
|d UtOrBLW
|
| 049 |
|
|
|a TXAM
|c [360749]
|
| 050 |
|
0 |
|a HC241
|b .L5
|
| 092 |
|
|
|a 337.914
|b L742p
|
| 100 |
1 |
|
|a Lindberg, Leon N.
|
| 245 |
1 |
4 |
|a The political dynamics of European economic integration.
|
| 264 |
|
1 |
|a Stanford, Calif. :
|b Stanford University Press,
|c [1963]
|
| 264 |
|
4 |
|c [©1963]
|
| 300 |
|
|
|a 367 pages
|
| 336 |
|
|
|a text
|b txt
|2 rdacontent
|
| 337 |
|
|
|a unmediated
|b n
|2 rdamedia
|
| 338 |
|
|
|a volume
|b nc
|2 rdacarrier
|
| 504 |
|
|
|a Bibliography: pages [351]-360.
|
| 610 |
2 |
0 |
|a European Economic Community.
|
| 650 |
|
0 |
|a European federation.
|
| 650 |
|
0 |
|a Agriculture and state
|z European Economic Community countries.
|
| 651 |
|
0 |
|a Europe
|x Economic integration.
|
| 999 |
|
|
|a MARS
|
| 999 |
f |
f |
|s fd3e85e6-60f5-348b-ae6d-ee8e9941fe96
|i 5e7cda87-0a37-3179-9b9f-020d4a0e8ced
|t 0
|
| 952 |
f |
f |
|p ric
|a Texas A&M University
|b Rellis Campus
|c Joint Library Facility
|d Remote Storage
|t 0
|e HC241 .L5
|h Library of Congress classification
|i unmediated -- volume
|m A14800753896
|
| 998 |
f |
f |
|a HC241 .L5
|t 0
|l Remote Storage
|